Score 0/28 Timer 03:00
0 Plays Today
Clue 4-Letter Word % Correct
Moonwalker ArmstrongNEIL
98.3%
Greeting for HitlerHEIL
96%
Hammer target or natural finger protection♦ NAIL ♦
95.8%
Spoiled childBRAT
94.8%
Foot part or a cadHEEL
94.2%
London apartmentFLAT
91%
Male club for studentsFRAT
90.8%
Hammer target or Mr. Pitt♦ BRAD ♦
90.5%
Mountain topPEAK
88.6%
Clock soundTOCK
88%
Bird billBEAK
87.9%
Pay attention toHEED
87.5%
Quick lookPEEK
85.8%
Sledgehammer target or music genre♦ ROCK ♦
84.9%
Clue 4-Letter Word % Correct
Heavy hammer part or loo♦ HEAD ♦
84.6%
Corner chess pieceROOK
84.4%
SchemePLAN
81.6%
Front's flipsideBACK
80.8%
Jewelry spheroidBEAD
80.5%
Very large familyCLAN
78.3%
Hammer target or sailing maneuver♦ TACK ♦
77%
Diamond imperfectionFLAW
76.7%
Summoning gestureBECK
76.6%
Target removing hammer part♦ CLAW ♦
71.8%
Rounded hammer end♦ PEEN ♦
61.5%
Heraldic furPEAN
58.5%
Hammer target target or forest♦ WOOD ♦
54.2%
Large crucifixROOD
52.7%

Today's Daily Dose

Missing Word
I Hardly Know Her!

Word Ladder
Sentence Ending

Quick Pick
Female Firsts

Get the Picture
Triathlon Sports

Remove Ads.
Support Sporcle.
Get the best of Sporcle when you Go Orange. This ad-free experience offers more features, more stats, and more fun while also helping to support Sporcle. Thank you for becoming a member.

You're not logged in!

Compare scores with friends on all Sporcle quizzes.
OR
Log In

Show Comments

Extras

Top Quizzes Today


Score Distribution

Your Account Isn't Verified!

In order to create a playlist on Sporcle, you need to verify the email address you used during registration. Go to your Sporcle Settings to finish the process.

Report this User

Report this user for behavior that violates our Community Guidelines.

Details: